| 000 | 00469nam a2200181Ia 4500 | ||
|---|---|---|---|
| 003 | LK-CoDNM | ||
| 008 | 010623t1971 xxu||||| |||| 00| 1 sin d | ||
| 040 |
_aLK-CoDNM _dLK-CoDNM _eLK-CoDNM |
||
| 041 | _asin | ||
| 080 | _a(x)64 MAL | ||
| 100 | _aMalalasekara, Piyaseeli | ||
| 245 | _aගෘහ විද්යාව | ||
| 246 | _aHome Economics | ||
| 260 |
_bM.D.Gunasena _aColombo _c1971 |
||
| 300 | _b(xv)480, 19 cm | ||
| 650 | _aHome Economics | ||
| 942 | _cBK | ||
| 999 |
_c108549 _d108549 |
||